Ostrava orientační plán středu města /
| Corporate Author: | Kartografické nakladatelství (Praha, Česko) |
|---|---|
| Other Authors: | Kopecká, Marta, Tomášek, Jindřich, Patočková, Libuše, Kartografický a reprodukční ústav (Praha, Česko), Ostrava (Česko). Městský národní výbor |
| Language: | Russian German French Czech English |
| Published: |
Praha : Kartografické nakladatelství, 1967 |
| Edition: | 1. vyd. |
| Physical Description: |
1 mapa : barev. ; 42 x 30 cm, složeno na 21 x 15 cm |
| Language note: |
Legenda a text česky, rusky, anglicky, francouzsky a německy |
| LEADER | 02126nem a2200433 a 4500 | ||
|---|---|---|---|
| 001 | 000329505 | ||
| 003 | CZ BrMZK | ||
| 005 | 20140527132641.0 | ||
| 007 | aj|canzn | ||
| 008 | 980301s1967 xr a 0 cze d | ||
| 034 | 1 | |a a |b 10000 |d E0181522 |e E0181819 |f N0495132 |g N0494926 | |
| 040 | |a BOA001 |b cze | ||
| 041 | 0 | |a cze |a rus |a eng |a fre |a ger | |
| 043 | |a e-xr--- |b e-xr-mo |2 czenas | ||
| 072 | 7 | |a 913(437) |x Geografie Česka a Slovenska, reálie, cestování |2 Konspekt |9 7 | |
| 072 | 7 | |a 912 |x Mapy. Atlasy. Glóby |2 Konspekt |9 7 | |
| 080 | |a 913(437.326) |2 MRF | ||
| 080 | |a (084.3) |2 MRF | ||
| 245 | 0 | 0 | |a Ostrava |h [kartografický dokument] : |b orientační plán středu města / |c zpracoval a vytiskl Kartografický a reprodukční ústav v Praze ; odpovědná redaktorka Marta Kopecká ; technický redaktor Jindřich Tomášek ; spolupracoval: MěstNV v Ostravě ; obálka: Libuše Patočková |
| 250 | |a 1. vyd. | ||
| 255 | |a Měřítko 1:10 000 |c (18°15´22" v.d.--18°18´19" v.d./49°51´32" s.š.--49°49´26" s.š.) | ||
| 260 | |a Praha : |b Kartografické nakladatelství, |c 1967 | ||
| 300 | |a 1 mapa : |b barev. ; |c 42 x 30 cm, složeno na 21 x 15 cm | ||
| 500 | |a Na rubu adresář služeb a obálkový titul | ||
| 546 | |a Legenda a text česky, rusky, anglicky, francouzsky a německy | ||
| 655 | 7 | |a plány měst |7 fd133027 |2 czenas | |
| 651 | 7 | |a Ostrava (Česko) |7 ge128537 |2 czenas | |
| 700 | 1 | |a Kopecká, Marta |7 mzk2009539665 |4 pbl | |
| 700 | 1 | |a Tomášek, Jindřich |4 red | |
| 700 | 1 | |a Patočková, Libuše |7 jx20031211002 |4 bjd | |
| 710 | 2 | |a Kartografické nakladatelství (Praha, Česko) |4 pbl | |
| 710 | 2 | |a Kartografický a reprodukční ústav (Praha, Česko) |7 ko2003164641 |4 ctg |4 prt | |
| 710 | 1 | |a Ostrava (Česko). |b Městský národní výbor |7 ko2004263646 |4 oth | |
| 910 | |a BOA001 |b PK-0047.087 |b Skř.9A-0582.466 | ||
| 964 | |a Ostrava - plány orientační | ||
| 990 | |a MP | ||
| 991 | |b 201405 | ||
| 996 | 6 | |b 2619016251 |c Skř.9A-0582.466 |l MZK |r Sklad / do 24 hodin |n 0 |w 000329505 |u 000020 |a 1 |e BOA001 |j MZK50 |s P | |
| 996 | 7 | |b 3119929193 |c PK-0047.087 |l MZK |r Sklad / do 1 hodiny |n 2 |w 000329505 |u 000010 |a 1 |e BOA001 |j MZK50 |s A | |
English
Čeština 